Statistiques concernant Petit Bac: Les Pokémon de Type Spectre

Cliquez ici pour prendre le quiz!

Statistiques générales

  • Ce quiz a été pris 151 fois
  • Le résultat moyen est 12 sur 17

Statistiques - réponses

LettrePokémon% Correct
FFantominus / Fantyrm / Feuforêve / Flamigator / Flotte-Mèche / Funécire
100%
SSinistrail / Skélénox / Spectreval / Spectrum / Spiritomb / Sylveroy
97%
EEctoplasma / Exagide
96%
MMagirêve / Malvalame / Marshadow / Melancolux / Mimiqui / Momartik / Monorpale / Mordudor / Motisma / Moyade / Munja
92%
TTénéfix / Téraclope / Théffroi / Théffroyable / Tomberro / Toutombe / Trépassable / Tutafeh / Tutankafer / Tutétékri / Typhlosion
89%
BBacabouh / Banshitrouye / Baudrive / Branette / Brocélôme
86%
LLanssorien / Lugulabre / Lunala
84%
GGiratina / Golemastoc / Gringolem / Grodrive / Gromago
83%
PParagruel / Pêchaminus / Pierroteknik / Pitrouille / Plumeline / Polichombr / Polthégeist / Poltchageist
74%
DDesseliande / Dimoclès / Dispareptil
72%
NNecrozma / Noctunoir
71%
VVirevorreur / Virovent / Viskuse
52%
ZZoroark / Zorua
51%
AArchéduc
40%
OOssatueur
37%
HHoopa
30%
CCorayôme / Corayon / Courrousinge
26%

Distribution des résultats

Percentile par nombre de réponses

% des personnes avec chaque résultat

Votre développement - résultats

Vous n’avez pas pris ce quiz